| 000 | 00586nam a22001937a 4500 | ||
|---|---|---|---|
| 003 | OSt | ||
| 005 | 20250714014658.0 | ||
| 008 | 250714b |||||||| |||| 00| 0 eng d | ||
| 020 | _a9788188458080 | ||
| 040 |
_aDWCL - Main lib _cOC |
||
| 082 | _aCirc. 631.4 U65s 2015 | ||
| 100 | _a Upadhyay, A. K. | ||
| 245 |
_aSoil and foundation engineering/ _cA. K. Upadhyay |
||
| 260 |
_aNew Delhi, India : _bS.K. Kataria & Sons, _cc2015. |
||
| 300 |
_a344 pages : _b illustrations ; _c 24 cm. |
||
| 504 | _aIncludes index. | ||
| 650 | _a1. Soil mechanics. | ||
| 942 |
_2ddc _cBK-CIRC _kCirc. _n0 |
||
| 999 |
_c3641 _d3641 |
||